000 00710nam a22002297a 4500
003 UA-OsUOA
001 69496
007 ta
008 20100623b un ||||| |||| 00| 0 ukr d
100 _aМакаренко В.О.
700 _aПрищепчук І.О.
090 _a330(477)
_bМ15
942 _cSA
040 _aUA-OsUOA
_bukr
_cUA-OsUOA
_dUA-OsUOA
245 _aПобудова моделі фінансової системи України на осногві ситемного підходу
300 _aС.31-39
955 _a0
041 _aukr
080 _a330(477)
773 0 _w69492
_tФінанси України
_dК.
_d2010
_g5
650 7 _a330 Економіка взагалі
_2UDC
999 _c355749
_d355749